000 01052nam0a22002411 4500
001 rc\4434768
005 20130416155845.1
035 _a(NLR Aleph) 008312499
090 _a8706256
_c8706256
100 _a20130416d1965 |||y0rusy50 ca
101 0 _arus
102 _aRU
105 _ay z |||||
200 1 _aПрименение эпоксидного клея при ремонте призм и направляющих кузнечно-прессового оборудования
_fГос. ком. Совета Министров РСФСР по координации науч.-исслед. работ. Гос. науч.-исслед. ин-т науч. и техн. информации
210 _aМосква
_cБ. и.
_d1965
215 _a3 с.
_d15
225 1 _aПередовой научно-технический и производственный опыт
_v№ 22-65-767/22
700 1 _aИванов
_bГ. А.
801 0 _aRU
_bNLR
_gpsbo
801 1 _aRU
_bELAR
_2rusmarc
852 _aNLR
_jП11/2295
942 _cBOOK
980 _aNB